| 000 | 00427pab a2200157 454500 | ||
|---|---|---|---|
| 008 | 180718b2011 xxu||||| |||| 00| 0 eng d | ||
| 100 | _aAlok Kumar | ||
| 245 | _aTowards realist constructivism: Implications for teaching and training | ||
| 260 | _c2011 | ||
| 300 | _ap.523-535. | ||
| 362 | _aJan | ||
| 650 | _aConstructivism (Education) | ||
| 773 | _aIndian Journal of Industrial Relations | ||
| 908 | _aN | ||
| 909 | _a90809 | ||
| 999 |
_c90809 _d90809 |
||